Propuesta de organización estudiantil altruista para apoyar a una asociación ecológica /

Guardat en:
Dades bibliogràfiques
Autor principal: Dorantes Flores, Blanca Liliana (autor)
Altres autors: Yoshiya Teramoto Ornelas, Pablo Francisco
Format: Thesis Llibre
Idioma:espanyol
Matèries:
Etiquetes: Afegir etiqueta
Sense etiquetes, Sigues el primer a etiquetar aquest registre!

MARC

LEADER 00000nam^a2200000^a^4500
001 000064961
005 20250521000000.0
009 20260310091121.012
037 |a Acervo ITESO - Biblioteca 
041 |a ESP 
090 |a LAM. 237 
100 |a Dorantes Flores, Blanca Liliana  |e (autor) 
245 1 0 |a Propuesta de organización estudiantil altruista para apoyar a una asociación ecológica /  |c B.L. Dorantes Flores, Pablo Francisco Yoshiya Teramoto Ornelas. 
264 |a Guadalajara, México :  |b edición de autor,  |c 1998 
300 |a 83 p. 
336 |a texto  |b txt  |2 rdacontenido 
337 |a sin mediación  |b n  |2 rdamedio 
338 |a volumen  |b nc  |2 rdasoporte 
502 |a ITESO Tesis de Licenciatura en Administración Area Mercadotecnia 
649 |a XX 
650 |a Movimientos Ecologistas 
650 |a Movimientos Estudiantiles 
650 |a Ecología Social 
650 |a Cambios Sociales y Culturales 
650 |a Mercadotecnia Social 
650 |a Ciencias Administrativas 
650 |a Especies en Peligro de Extinción 
650 |a Conservación y Protección Ambiental 
700 |a Yoshiya Teramoto Ornelas, Pablo Francisco 
910 |a Fondo General 
920 |a Impresos - Tesis del ITESO 
930 |a Colección General 
905 |a 104 
901 |a 0500018628  |b IT2  |c TSS  |u 20250521 
902 |a https://opac.biblio.iteso.mx/vufind/Record/000064961